000 00899cam a22002411 4500
001 gs 09000458
003 DLC
005 20260227111309.0
008 870113s1871 ru f b 000 0 ger c
010 _ags 09000458
040 _aU.S. Geol. Surv. Libr./ICU
_cICU
_dDLC
043 _ae-ur-kz
050 0 0 _aQE276
_b.E33
100 1 _aEichwald, Carl Eduard von,
_d1795-1876.
245 1 0 _aGeonostisch-paleontologische Bemerkungen über die Halbinsel Mangischlak und die Aleutischen Inseln.
260 _aSt. Petersburg,
_bBuchdr. der Kaiserlichen Akademie der Wissenschaften,
_c1871.
300 _aiii, 200 p.
_b20 plates.
_c24 cm.
504 _aBibliographical footnotes.
650 0 _aGeology
_zKazakhstan
_zMangyshlak Peninsula.
650 0 _aGeology
_zAlaska
_zAleutian Islands.
650 0 _aPaleontology
_zKazakhstan
_zMangyshlak Peninsula.
650 0 _aPaleontology
_zAlaska
_zAleutian Islands.
999 _c24880
_d24880